Score 0/43 Timer 15:00
0 Plays Today
Author Title % Correct
George Orwell1984
89%
J.D. SalingerThe Catcher in the Rye
84.4%
F. Scott FitzgeraldThe Great Gatsby
84.3%
Harper LeeTo Kill A Mockingbird
83.2%
Jane AustenPride and Prejudice
83%
Herman MelvilleMoby Dick
78.3%
John SteinbeckThe Grapes of Wrath
75.7%
Leo TolstoyWar and Peace
74%
Emily BronteWuthering Heights
73%
Sir Arthur Conan DoyleSherlock Holmes
69.3%
Mark TwainThe Adventures of Huckleberry Finn
68%
Nathaniel HawthorneThe Scarlet Letter
65.7%
Charles DickensA Tale of Two Cities
65.7%
Charlotte BronteJane Eyre
65.6%
Aldous HuxleyBrave New World
64.6%
Joseph HellerCatch-22
64.4%
William GoldingLord of the Flies
64.2%
Harriet Beecher StoweUncle Tom's Cabin
62.8%
Miguel de CervantesDon Quixote
61.5%
Fyodor DostoevskyCrime and Punishment
59.8%
Jack LondonThe Call of the Wild
59.4%
Ernest HemingwayThe Old Man and the Sea
58.1%
Author Title % Correct
Joseph ConradHeart of Darkness
53.8%
Margaret MitchellGone With the Wind
50.8%
Daniel DefoeRobinson Crusoe
47.3%
William FaulknerThe Sound and the Fury
41.4%
Stephen CraneThe Red Badge of Courage
39.8%
Ralph EllisonInvisible Man
38.5%
Toni MorrisonBeloved
38.3%
Albert CamusThe Stranger
36%
Zora Neale HurstonTheir Eyes Were Watching God
33.1%
Erich Maria RemarqueAll Quiet on the Western Front
30.3%
Thomas HardyTess of the d'Urbervilles
28.4%
Pearl S. BuckThe Good Earth
26.5%
Willa CatherMy Antonia
25.1%
George EliotSilas Marner
22.2%
Edith WhartonEthan Frome
21%
Richard WrightNative Son
19.3%
John KnowlesA Separate Peace
16.6%
W. Somerset MaughamOf Human Bondage
13.4%
Alan PatonCry, the Beloved Country
12.5%
Sherwood AndersonWinesburg, Ohio
11.3%
Edgar Allen PoeTales
6.9%

You're not logged in!

Compare scores with friends on all Sporcle quizzes.
OR
Log In

From the Vault

Multi-Category Minefield Blitz: Literature

by Thebiguglyalien

This probably won't help you pass your English class, though.
Remove Ads.
Support Sporcle.
Get the best of Sporcle when you Go Orange. This ad-free experience offers more features, more stats, and more fun while also helping to support Sporcle. Thank you for becoming a member.

Show Comments

Extras

Top Quizzes Today


Score Distribution

Your Account Isn't Verified!

In order to create a playlist on Sporcle, you need to verify the email address you used during registration. Go to your Sporcle Settings to finish the process.

Report this User

Report this user for behavior that violates our Community Guidelines.

Details: